| 000 | 00727nam a22001937a 4500 | ||
|---|---|---|---|
| 005 | 20250702151908.0 | ||
| 010 | _a HIN-129877 | ||
| 020 |
_c250.00 _a9789392142574 |
||
| 035 | _aHN-102223 | ||
| 037 | _bDBAD | ||
| 082 | _a954.53 | ||
| 100 |
_aबेहार, आर. के. _982485 |
||
| 245 |
_aबस्तर का इतिहास / _cआर. के . बेहार |
||
| 250 | _a1 | ||
| 260 |
_aछ.ग. _bसरस्वती बुक्स _c2024 |
||
| 270 |
_aनेहरु नगर , भिलाई , दुर्ग _bछत्तीसगढ़ |
||
| 300 |
_a155 .पृ _c21.3 सेमी (अजिल्द) |
||
| 942 |
_2ddc _cHN _h954.53 _mबेहार |
||
| 999 |
_c212018 _d212018 |
||